00505nam a2200157Ia 4500008004100000082001700041100002300058245002600081250000800107260003200115300001000147650001700157942001200174952014600186999001500332150201s2007 xx 000 0 und d a616.01bC07T aTHOMAS , PHILIP A. aCLINICAL MICROBIOLOGY a7TH bORIENT LONGMANaINDIAc2007 a1-654 aMICROBIOLOGY 2ddccBK 00102ddc40708MEDICALaFMbFMcTXTd2014-01-23eABC DELHIg625.00iSGTUl0o616.01 C07TpFM5766r2015-02-09 00:00:00w2014-02-12yBKk4209 c1646d1646